Land vs. Land #166 - Statistiken

Allgemein
  • Dieses Quiz wurde 12 mal gespielt
  • Das Durchschnittsergebnis liegt bei 12 aus 14
Antwortstatistiken
Frage Antwort % Korrekt
...Fläche? Belarus🇧🇾
100%
...Einwohner? Belarus🇧🇾
100%
...Militär? Belarus🇧🇾
100%
...Tourismus? Zypern🇨🇾
100%
...HDI (Human Development Index)? Zypern🇨🇾
100%
...Happy Planet Index? Zypern🇨🇾
100%
...Lebenserwartung? Zypern🇨🇾
100%
...Bruttoinlandsprodukt pro Kopf? Zypern🇨🇾
91%
...Gesundheitswesen? Zypern🇨🇾
91%
...Frieden? Zypern🇨🇾
91%
...Gewinner? Zypern🇨🇾
91%
...Exportmengen? Belarus🇧🇾
82%
...Bruttoinlandsprodukt? Belarus🇧🇾
73%
...durchschnittlicher IQ? Belarus🇧🇾
27%
Keine übereinstimmenden Quizze gefunden
Verteilung der Resultate
Anzahl Personen mit jedem Resultat
Perzentil nach korrekt beantworteten Fragen
Ihre Resultats-Entwicklung
Sie haben dieses Quiz noch nicht gespielt